banner-ar

NOTES OF A JOURNEY FROM CORNHILL TO GRAND CAIRO / (Record no. 13090)

MARC details
000 -الفاتح
حقل البيانات ثابتة الطول 00455nam a2200145Ia 4500
008 - عناصر البيانات ثابتة الطول - معلومات عامة
حقل البيانات ثابتة الطول 140319s9999 xx 000 0 eng d
040 ## - مصدر الفهرسة
وكالة الفهرسة الأصلية GCL /
وكالة النسخ GCL
082 04 - رقم تصنيف ديوى العشرى
رقم التصنيف CC
رقم المادة 916.2043
-- T N
100 1# - المدخل الرئيسى - إسم شخصى
الإسم الشخصى THACKERAY,WILLION MAKEPESCE
245 10 - بيان العنوان
العنوان NOTES OF A JOURNEY FROM CORNHILL TO GRAND CAIRO /
بيان المسئوليه,etc THACKERAY,WILLION MAKEPESCE
260 ## - PUBLICATION, DISTRIBUTION, ETC. (IMPRINT)
تاريخ النشر أو التوزيع 1991
650 04 - المدخل الاضافى بالموضوع-مصطلح موضوعى
مصطلح موضوعي MIDDLE EAST - DESCRIPTION AND TRAVELS
942 ## - عناصر المدخل الإضافي( كوها)
مصدر التصنيف او مخطط الترفيف Dewey Decimal Classification
Koha [default] item type كتاب
260 ## - PUBLICATION, DISTRIBUTION, ETC. (IMPRINT)
-- [S.N] :
-- COCKBIRD PRESS ،
Holdings
حالة التراجع حالة الفقد حالة تلف ليس للاعارة المكان المؤقت الموقع الحالى تاريخ الاكتساب اجمالي اﻻعارات رقم الطلب الباركود تاريخ اخر مشاهدة تاريخ تفعيل السعر نوع وعاء كوها
        مكتبة القاهرة الكبرى مكتبة القاهرة الكبرى 03/26/2014   CC\916.2043\T N 25266 03/26/2014 03/26/2014 كتاب
        مكتبة القاهرة الكبرى مكتبة القاهرة الكبرى 03/26/2014   CC\916.2043\T N 25267 03/26/2014 03/26/2014 كتاب

Powered By

EGPV